000 00801nam a22002417a 4500
005 20170124110021.0
010 _aA-680561
020 _a8158182930
_c00.00
035 _aA-680561
037 _bCen Lib/Ret
040 _aDPL
_bEN
082 _a338.47350
_bKHA
100 _aKhanna, D.D.
_95716
245 _aDefence versus development :
_ba case study of india /
_cby D.D. Khanna [and] P.N. Mehrotra
260 _aNew Delhi
_bIndus Publishing Company
_c1993
270 _aFS-5, tagore garden
_bNew Delhi
_e110027
300 _a189p.
_c21cm(Hb)
500 _aincludes bibliographical references and index
650 _aDefence & development issues
_919847
650 _aSystemaric analyusis
_919848
700 _aMehrotra, P.N.
_97049
942 _2ddc
_cEN
_h338.47350
_mKHA
999 _c127225
_d127225